01715cam a22004694i 4500003000900000005001700009008004100026020001500067035002700082040003300109049000900142082002000151100003900171245005200210264006800262300003800330336002100368337002500389338002300414505009400437526001000531526001000541526001000551526001000561526000800571526000800579526000800587526000800595526000800603526000800611526000800619650001800627650003500645910001800680942001400698949013000712994001400842596000600856999015900862980005501021952016901076PE-LiUPU20250731173508.0150616s1994 miu r 000 0 eng d a0802807968 a(Sirsi) i9780802807960 aPE-LiUPUbspacPE-LiUPUerda aPRUA04a261.72bD972211 aDunn, James D. G.,d1939-,eautor.10aChristian Liberty: a New Testament perspective. 1aGrand Rapids, Michigan :bWm. B. Eerdmans Publishing Co,c1994. a115 páginas ;c21 centímetros atext2rdacontent aunmediated2rdamedia avolume2rdacarrier0 aWhat is liberty? -- Jesus and authority -- Liberty and the self -- Liberty and community. aSEG42 aSEG41 aSEG40 aSEG39 aP94 aP87 aP86 aP85 aP77 aP76 aP3504aCristianismo.04aLibertadxAspectos religiosos. ajckbjvqcjck 2ddccBOOK a261.72 D97wDEWEYc1i40547lCCODEBUL1mBULr0sYtBOOKu2015-6-16xTEOLOGIAzUNKNOWN0COMPRAo.STAFF. Colección Teología aC0bPEPRU a1 a261.72 D97wDEWEYc58333i40547f2021-11-10g5lCCODEBUL1mBULp16.50r0sYtBOOKu2015-6-16xTEOLOGIAPP350COMPRAo.STAFF. Colección Teologíad58333 81gALBERTO SANCHEZ Responsable de Automatización r2025-12-02 00:00:00i6l0o261.72 D97p40547te1v21.50w2015-06-16xFTyBKzinventario-2023-12-13102ddc50708GENfP35aBULbBULcGENd2015-06-16eCOMPRAg16.50